Entreprises du CAC 40 - Statistiques

Statistiques générales
  • Ce quiz a été pris 71 824 fois
    71 663 depuis la dernière actualisation
  • Le résultat moyen est 14 sur 40
Statistiques - réponses
Secteur Entrée Société % Correct
Cosmétique 1987 L'Oréal
79%
Banque 1987 BNP Paribas
68%
Spiritueux 1987 Pernod Ricard
67%
Société de services 2020 Teleperformance
66%
Luxe 1987 LVMH
64%
Informatique 1988 Capgemini
63%
Publicité 2004 Publicis Groupe
62%
Distribution 1987 Carrefour
61%
Assurance 1987 Axa
60%
Pneumatique / Tourisme 1987 Michelin
58%
Agroalimentaire 1987 Danone
54%
Certification 2024 Bureau Veritas
51%
Matériaux (Acier) 2003 ArcelorMittal
44%
Matériel électrique 1987 Legrand
40%
Matériel électrique 1987 Schneider Electric
39%
Aéronautique 2019 Thales
39%
Télécommunications 1997 Orange
33%
Banque 1999 Crédit agricole
32%
Aéronautique 1990 Airbus
30%
Luxe 2018 Hermès International
29%
Informatique 2018 Dassault Systèmes
28%
Optique 1987 EssilorLuxottica
28%
Automobile 1995 Renault
27%
Matériaux (Verre) 1987 Saint-Gobain
27%
Banque 1987 Société générale
27%
Automobile 1987 Stellantis
25%
BTP 2002 Vinci
25%
Service de paiement 2023 Edenred
24%
Gaz industriel 1987 Air liquide
20%
Énergie 1987 Engie
19%
BTP / Télécommunications 1987 Bouygues
18%
Pétrole 1987 TotalEnergies
18%
Aéronautique 2011 Safran
17%
Biotechnologie 2021 Eurofins Scientific
15%
Pharmacie 1987 Sanofi
15%
Luxe 1995 Kering
14%
Hôtellerie, tourisme 1987 Accor
11%
Services collectifs 1987 Veolia
11%
Semi-conducteurs 2017 STMicroelectronics
7%
Immobilier 2007 Unibail-Rodamco-Westfield
3%
Aucun quiz correspondant
Distribution des résultats
% des personnes avec chaque résultat
Percentile par nombre de réponses
Votre historique - résultats
Vous n’avez pas pris ce quiz depuis la dernière actualisation